000 00443nam a2200181 a 4500
001 4589
003 CO-ViMGA
008 141112s2004 ck r 000 u spa d
040 _aCO-ViMGA
_bspa
_cCO-ViMGA
082 0 4 _a808.815 N181
100 1 _aNavarro, Tomas
_955484
245 1 0 _aMetrica espaƱola
260 _aBarcelona :
_bLabor,
_c1991
300 _a581 p
490 _aNueva serie, 11
650 1 4 _aPOESIA - TECNICAS
942 _2ddc
_cBK
999 _c16599
_d16599